| 000 | 00793nac a22001931u 4500 | ||
|---|---|---|---|
| 010 | _a 93017109 | ||
| 020 | _a9810213492 | ||
| 082 | 0 | 0 |
_a681.4 _bM4292 |
| 090 |
_c3998 _d3998 |
||
| 100 | _aMatsui, Yoshiya. | ||
| 245 | 1 | 0 |
_aFundamentals of practical aberration theory : _bfundamental knowledge and technics for optical designers / _cYoshiya Matsui, Kyoji Nariai. |
| 260 |
_aSingapore ; _aRiver Edge, N.J. : _bWorld Scientific, 1993 _cc1993. |
||
| 300 |
_aviii, 182 p. : _bill. ; _c23 cm. |
||
| 504 | _aIncludes bibliographical references and index. | ||
| 650 | 0 | _aAberration. | |
| 700 | 1 |
_aNariai, Kyōji, _d1937- |
|
| 942 |
_cBB _k681.4M4292 |
||
| 999 |
_c3998 _d3998 |
||